Cracking the SAT math 1 subject test / (Record no. 592251)

000 -LEADER
fixed length control field 02294cam a22004937i 4500
001 - CONTROL NUMBER
control field 18684656
005 - DATE AND TIME OF LATEST TRANSACTION
control field 20221104123708.0
008 - FIXED-LENGTH DATA ELEMENTS--GENERAL INFORMATION
fixed length control field 150702t20142014nyua 000 0 eng d
010 ## - LIBRARY OF CONGRESS CONTROL NUMBER
LC control number 2015431082
020 ## - INTERNATIONAL STANDARD BOOK NUMBER
International Standard Book Number 9780804125581 (pbk.)
020 ## - INTERNATIONAL STANDARD BOOK NUMBER
International Standard Book Number 0804125589 (pbk.)
035 ## - SYSTEM CONTROL NUMBER
System control number (OCoLC)ocn894344760
040 ## - CATALOGING SOURCE
Original cataloging agency TOH
Language of cataloging eng
Transcribing agency TOH
Description conventions rda
Modifying agency YDXCP
-- OCLCO
-- OCLCQ
-- DAD
-- OCLCQ
-- BTCTA
-- B@L
-- OCLCF
-- NYP
-- DLC
042 ## - AUTHENTICATION CODE
Authentication code lccopycat
043 ## - GEOGRAPHIC AREA CODE
Geographic area code n-us---
050 00 - LIBRARY OF CONGRESS CALL NUMBER
Classification number QA43
Item number .S697 2014
082 04 - DEWEY DECIMAL CLASSIFICATION NUMBER
Classification number 510.76,SPA
Edition number 23
100 1# - MAIN ENTRY--PERSONAL NAME
Personal name Spaihts, Jonathan,
Relator term author.
9 (RLIN) 102378
245 10 - TITLE STATEMENT
Title Cracking the SAT math 1 subject test /
Statement of responsibility, etc. Jonathan Spaights and the staff of the Princeton Review.
246 3# - VARYING FORM OF TITLE
Title proper/short title Princeton Review cracking the SAT math 1 subject test
246 3# - VARYING FORM OF TITLE
Title proper/short title Cracking the Scholastic Aptitude Test math 1 subject test
246 3# - VARYING FORM OF TITLE
Title proper/short title SAT math 1 subject test
246 18 - VARYING FORM OF TITLE
Title proper/short title Princeton Review SAT math subject test
264 #1 - PRODUCTION, PUBLICATION, DISTRIBUTION, MANUFACTURE, AND COPYRIGHT NOTICE
Place of production, publication, distribution, manufacture New York :
Name of producer, publisher, distributor, manufacturer Penguin Random House,
Date of production, publication, distribution, manufacture, or copyright notice [2014]
264 #4 - PRODUCTION, PUBLICATION, DISTRIBUTION, MANUFACTURE, AND COPYRIGHT NOTICE
Date of production, publication, distribution, manufacture, or copyright notice ©2014
300 ## - PHYSICAL DESCRIPTION
Extent 459 pages :
Other physical details illustrations ;
Dimensions 28 cm
336 ## - CONTENT TYPE
Content type term text
Content type code txt
Source rdacontent
337 ## - MEDIA TYPE
Media type term unmediated
Media type code n
Source rdamedia
338 ## - CARRIER TYPE
Carrier type term volume
Carrier type code nc
Source rdacarrier
505 ## - FORMATTED CONTENTS NOTE
Formatted contents note Part I: Orientaion (Page-1), Part II: Content Review (Page-21), Part III: Drill: Answers and Explanations (Page-327), Part IV: Practice Tests (Page-385).
650 #0 - SUBJECT ADDED ENTRY--TOPICAL TERM
Topical term or geographic name entry element Mathematics
General subdivision Examinations
Form subdivision Study guides.
9 (RLIN) 96175
650 #0 - SUBJECT ADDED ENTRY--TOPICAL TERM
Topical term or geographic name entry element SAT (Educational test)
Form subdivision Study guides.
9 (RLIN) 102379
650 #0 - SUBJECT ADDED ENTRY--TOPICAL TERM
Topical term or geographic name entry element Mathematics
Form subdivision Examinations, questions, etc.
9 (RLIN) 102380
650 #0 - SUBJECT ADDED ENTRY--TOPICAL TERM
Topical term or geographic name entry element Universities and colleges
Geographic subdivision United States
General subdivision Entrance examinations
Form subdivision Study guides.
9 (RLIN) 102381
650 #7 - SUBJECT ADDED ENTRY--TOPICAL TERM
Topical term or geographic name entry element Mathematics.
Source of heading or term fast
Authority record control number or standard number (OCoLC)fst01012163
650 #7 - SUBJECT ADDED ENTRY--TOPICAL TERM
Topical term or geographic name entry element Mathematics
General subdivision Examinations.
Source of heading or term fast
Authority record control number or standard number (OCoLC)fst01012188
9 (RLIN) 96178
650 #7 - SUBJECT ADDED ENTRY--TOPICAL TERM
Topical term or geographic name entry element SAT (Educational test)
Source of heading or term fast
Authority record control number or standard number (OCoLC)fst01732814
655 #7 - INDEX TERM--GENRE/FORM
Genre/form data or focus term Examinations, questions, etc.
Source of term fast
Authority record control number (OCoLC)fst01423780
9 (RLIN) 102382
655 #7 - INDEX TERM--GENRE/FORM
Genre/form data or focus term Study guides.
Source of term fast
Authority record control number (OCoLC)fst01423888
9 (RLIN) 24862
710 2# - ADDED ENTRY--CORPORATE NAME
Corporate name or jurisdiction name as entry element Princeton Review (Firm)
906 ## - LOCAL DATA ELEMENT F, LDF (RLIN)
a 7
b cbc
c copycat
d 2
e ncip
f 20
g y-gencatlg
942 ## - ADDED ENTRY ELEMENTS (KOHA)
Source of classification or shelving scheme
Koha item type Book
Call number prefix 510.76,SPA
Holdings
Withdrawn status Lost status Source of classification or shelving scheme Damaged status Not for loan Permanent Location Current Location Shelving location Date acquired Full call number Barcode Date last seen Price effective from Koha item type Public note
          Military College of Signals (MCS) Military College of Signals (MCS) General Stacks 11/04/2022 510.76,SPA MCS37686 11/04/2022 11/04/2022 Book Almirah No.10, Shelf No.4
© 2023 Central Library, National University of Sciences and Technology. All Rights Reserved.